<The> Business environment of small and medium-sized enterprises in selected regions of the Czech Republic and Slovakia
Súčasný trend v podnikateľskom prostredí malých a stredných podnikov vo vybraných regiónoch Českej republiky a Slovenska.
Na minha lista:
| Autor principal: | |
|---|---|
| Outros Autores: | , , , |
| Formato: | Capítulo de Livro |
| Idioma: | inglês |
| Assuntos: | |
| Tags: |
Sem tags, seja o primeiro a adicionar uma tag!
|
MARC
| LEADER | 00000naa a2200000 4500 | ||
|---|---|---|---|
| 001 | 0199692 | ||
| 005 | 20231207103023.6 | ||
| 041 | 0 | |a eng | |
| 044 | |a CZ | ||
| 245 | 1 | 0 | |a <The> Business environment of small and medium-sized enterprises in selected regions of the Czech Republic and Slovakia |c Jaroslav Belás, Valér Demjan, Jozef Habánik, Mária Hudáková, Juraj Sipko |
| 520 | |a Súčasný trend v podnikateľskom prostredí malých a stredných podnikov vo vybraných regiónoch Českej republiky a Slovenska. | ||
| 610 | 2 | 0 | |a Slovensko |
| 610 | 2 | 0 | |a Česko |
| 610 | 2 | 0 | |a politika podnikania |
| 610 | 2 | 0 | |a prostredie podnikateľské |
| 610 | 2 | 0 | |a podnik malý |
| 610 | 2 | 0 | |a podnik stredný |
| 610 | 2 | 0 | |a regióny |
| 100 | 1 | |a Belás, Jaroslav | |
| 700 | 1 | |a Demjan, Valér | |
| 700 | 1 | |a Habánik, Jozef | |
| 700 | 1 | |a Hudáková, Mária | |
| 700 | 1 | |a Sipko, Juraj | |